[Event "XIII International Chess Festival"]
[Site "Paracin"]
[Date "2020.07.06"]
[Round "4.1"]
[White "Ratkovic, Miloje"]
[Black "Basso, Pier Luigi"]
[Result "0-1"]
[BlackElo "2596"]
[WhiteElo "2456"]
[LiveChessVersion "1.4.8"]

1. d4 {[%clk 1:30:58]} d5 {[%clk 1:27:31]} 2. c4 {[%clk 1:30:17]} c6
{[%clk 1:26:09]} 3. Nc3 {[%clk 1:30:35]} Nf6 {[%clk 1:26:34]} 4. Nf3
{[%clk 1:30:32]} e6 {[%clk 1:26:51]} 5. Bg5 {[%clk 1:30:21]} Nbd7
{[%clk 1:26:12]} 6. e3 {[%clk 1:29:18]} Qa5 {[%clk 1:25:32]} 7. cxd5
{[%clk 1:28:32]} Nxd5 {[%clk 1:24:32]} 8. Rc1 {[%clk 1:28:55]} Nxc3
{[%clk 1:21:57]} 9. bxc3 {[%clk 1:29:17]} Ba3 {[%clk 1:22:23]} 10. Rc2
{[%clk 1:29:36]} b6 {[%clk 1:22:35]} 11. Be2 {[%clk 1:29:48]} Ba6
{[%clk 1:22:53]} 12. O-O {[%clk 1:30:02]} Bxe2 {[%clk 1:23:16]} 13. Qxe2
{[%clk 1:30:27]} O-O {[%clk 1:21:50]} 14. e4 {[%clk 1:29:19]} Rfe8
{[%clk 1:21:38]} 15. Bf4 {[%clk 1:15:48]} Qa4 {[%clk 1:15:26]} 16. Rd1
{[%clk 1:13:21]} Rac8 {[%clk 1:12:17]} 17. e5 {[%clk 1:02:54]} c5
{[%clk 1:07:52]} 18. Ng5 {[%clk 0:55:49]} Nf8 {[%clk 1:02:41]} 19. Rcd2
{[%clk 0:40:45]} Red8 {[%clk 0:52:30]} 20. Qh5 {[%clk 0:32:19]} Qe8
{[%clk 0:50:36]} 21. Ne4 {[%clk 0:19:54]} cxd4 {[%clk 0:49:07]} 22. cxd4
{[%clk 0:18:52]} Bc1 {[%clk 0:32:23]} 23. Nd6 {[%clk 0:00:33]} Rxd6
{[%clk 0:30:00]} 24. exd6 {[%clk 0:00:57]} Bxd2 {[%clk 0:30:25]} 25. Bxd2
{[%clk 0:00:35]} Qa4 {[%clk 0:29:19]} 26. d5 {[%clk 0:00:31]} e5 {[%clk 0:23:21]}
27. Re1 {[%clk 0:00:50]} Qxa2 {[%clk 0:22:04]} 28. Bg5 {[%clk 0:00:33]} Qxd5
{[%clk 0:20:43]} 29. Rd1 {[%clk 0:00:44]} Qe6 {[%clk 0:20:31]} 30. Be7
{[%clk 0:00:32]} Nd7 {[%clk 0:20:53]} 31. h3 {[%clk 0:00:50]} h6 {[%clk 0:21:01]}
32. Qf3 {[%clk 0:01:06]} e4 {[%clk 0:21:14]} 33. Qe2 {[%clk 0:01:31]} Rc4
{[%clk 0:21:04]} 34. Qa2 {[%clk 0:01:24]} Rc1 {[%clk 0:17:04]} 35. Qd2
{[%clk 0:01:53]} Rxd1+ {[%clk 0:17:28]} 36. Qxd1 {[%clk 0:02:19]} Qc4
{[%clk 0:17:50]} 37. Qg4 {[%clk 0:02:41]} Qc6 {[%clk 0:18:12]} 0-1

[Event "XIII International Chess Festival"]
[Site "Paracin"]
[Date "2020.07.06"]
[Round "4.2"]
[White "Martic, Ivan"]
[Black "Mendonca, Leon Luke"]
[Result "0-1"]
[BlackElo "2470"]
[WhiteElo "2386"]
[LiveChessVersion "1.4.8"]

1. Nf3 {[%clk 1:30:56]} Nf6 {[%clk 1:30:42]} 2. g3 {[%clk 1:31:14]} d5
{[%clk 1:30:32]} 3. Bg2 {[%clk 1:31:32]} e6 {[%clk 1:30:56]} 4. O-O
{[%clk 1:31:38]} Be7 {[%clk 1:31:02]} 5. c4 {[%clk 1:31:19]} O-O {[%clk 1:31:21]}
6. b3 {[%clk 1:31:15]} b6 {[%clk 1:31:22]} 7. Bb2 {[%clk 1:31:23]} Bb7
{[%clk 1:31:44]} 8. cxd5 {[%clk 1:26:44]} exd5 {[%clk 1:30:45]} 9. d4
{[%clk 1:23:19]} Re8 {[%clk 1:30:06]} 10. Nc3 {[%clk 1:23:20]} Nbd7
{[%clk 1:28:23]} 11. Rc1 {[%clk 1:22:26]} Nf8 {[%clk 1:25:42]} 12. Qc2
{[%clk 1:16:10]} Ne6 {[%clk 1:18:19]} 13. Rfd1 {[%clk 1:16:17]} a6
{[%clk 1:13:24]} 14. e3 {[%clk 1:13:15]} Rc8 {[%clk 1:02:06]} 15. Qb1
{[%clk 1:13:07]} Bd6 {[%clk 0:58:01]} 16. Qa1 {[%clk 1:04:45]} Qe7
{[%clk 0:51:49]} 17. Ne5 {[%clk 0:56:02]} c5 {[%clk 0:46:29]} 18. Na4
{[%clk 0:52:49]} cxd4 {[%clk 0:39:07]} 19. Rxc8 {[%clk 0:52:44]} Rxc8
{[%clk 0:39:20]} 20. exd4 {[%clk 0:51:24]} b5 {[%clk 0:39:12]} 21. Nc5
{[%clk 0:47:15]} Nxc5 {[%clk 0:37:56]} 22. dxc5 {[%clk 0:47:29]} Bxc5
{[%clk 0:37:37]} 23. Nd3 {[%clk 0:45:35]} Bb6 {[%clk 0:31:38]} 24. Re1
{[%clk 0:38:43]} Qd6 {[%clk 0:24:54]} 25. Be5 {[%clk 0:33:13]} Qd8
{[%clk 0:18:24]} 26. Bh3 {[%clk 0:30:19]} Ra8 {[%clk 0:14:40]} 27. Bxf6
{[%clk 0:27:34]} Qxf6 {[%clk 0:13:17]} 28. Qxf6 {[%clk 0:27:51]} gxf6
{[%clk 0:13:46]} 29. Re7 {[%clk 0:27:49]} Rb8 {[%clk 0:09:43]} 30. Bg2
{[%clk 0:23:28]} Ba8 {[%clk 0:01:12]} 31. Nf4 {[%clk 0:14:38]} Rd8
{[%clk 0:01:03]} 32. Bf3 {[%clk 0:12:20]} Kf8 {[%clk 0:01:00]} 33. Re1
{[%clk 0:12:34]} Bc7 {[%clk 0:00:52]} 34. Nd3 {[%clk 0:12:52]} Bd6
{[%clk 0:00:54]} 35. Rc1 {[%clk 0:12:35]} Bb7 {[%clk 0:00:55]} 36. Kf1
{[%clk 0:11:05]} Rd7 {[%clk 0:01:09]} 37. Ke2 {[%clk 0:11:02]} Ke8
{[%clk 0:01:08]} 38. Kd2 {[%clk 0:10:01]} Kd8 {[%clk 0:00:45]} 39. b4
{[%clk 0:09:22]} Rc7 {[%clk 0:00:40]} 40. Rxc7 {[%clk 0:08:47]} Kxc7
{[%clk 0:00:48]} 41. a3 {[%clk 0:06:50]} a5 {[%clk 0:00:37]} 42. Bh5
{[%clk 0:06:55]} axb4 {[%clk 0:00:35]} 43. Nxb4 {[%clk 0:06:24]} Bc5
{[%clk 0:00:36]} 44. Ke2 {[%clk 0:05:14]} Kd6 {[%clk 0:00:35]} 45. Bxf7
{[%clk 0:05:29]} Bd4 {[%clk 0:00:54]} 46. Be8 {[%clk 0:03:49]} Kc5
{[%clk 0:00:45]} 47. Kd2 {[%clk 0:03:42]} Bc8 {[%clk 0:00:37]} 48. Bf7
{[%clk 0:03:46]} Bb7 {[%clk 0:00:49]} 49. Be8 {[%clk 0:04:09]} Bc8
{[%clk 0:00:34]} 50. Bf7 {[%clk 0:04:26]} Bb7 {[%clk 0:00:54]} 51. Be8
{[%clk 0:04:50]} Kc4 {[%clk 0:01:10]} 52. Nd3 {[%clk 0:02:56]} Bc8
{[%clk 0:01:12]} 53. Bc6 {[%clk 0:02:28]} Bg4 {[%clk 0:00:53]} 54. h3
{[%clk 0:01:33]} Bf3 {[%clk 0:00:38]} 55. a4 {[%clk 0:01:27]} b4 {[%clk 0:00:32]}
56. a5 {[%clk 0:01:56]} b3 {[%clk 0:00:36]} 57. a6 {[%clk 0:02:21]} Be4
{[%clk 0:00:37]} 58. Nb2+ {[%clk 0:01:59]} Kb4 {[%clk 0:00:50]} 59. Bb7
{[%clk 0:00:51]} Ka3 {[%clk 0:00:45]} 60. Nd1 {[%clk 0:00:51]} b2
{[%clk 0:00:33]} 61. a7 {[%clk 0:00:36]} Bxa7 {[%clk 0:00:44]} 62. Nc3
{[%clk 0:01:01]} Bd4 {[%clk 0:00:50]} 63. Nb5+ {[%clk 0:01:24]} Kb4
{[%clk 0:01:05]} 64. Nxd4 {[%clk 0:01:47]} b1=Q {[%clk 0:01:27]} 0-1

[Event "XIII International Chess Festival"]
[Site "Paracin"]
[Date "2020.07.06"]
[Round "4.3"]
[White "Cabarkapa, Novak"]
[Black "Ratkovic, Milovan"]
[Result "1-0"]
[BlackElo "2435"]
[WhiteElo "2459"]
[LiveChessVersion "1.4.8"]

1. e4 {[%clk 1:30:57]} c6 {[%clk 1:30:50]} 2. d4 {[%clk 1:31:20]} d5
{[%clk 1:31:14]} 3. f3 {[%clk 1:31:45]} e6 {[%clk 1:31:16]} 4. Nc3
{[%clk 1:32:06]} Bb4 {[%clk 1:31:34]} 5. Bd2 {[%clk 1:32:22]} Ne7
{[%clk 1:22:59]} 6. Nce2 {[%clk 1:32:41]} Bxd2+ {[%clk 1:11:33]} 7. Qxd2
{[%clk 1:33:01]} O-O {[%clk 1:08:25]} 8. O-O-O {[%clk 1:33:18]} b6
{[%clk 1:07:26]} 9. Nh3 {[%clk 1:31:11]} c5 {[%clk 1:00:24]} 10. exd5
{[%clk 1:30:02]} exd5 {[%clk 0:59:00]} 11. Nhf4 {[%clk 1:29:20]} Nbc6
{[%clk 0:56:38]} 12. g4 {[%clk 1:21:20]} Be6 {[%clk 0:46:48]} 13. h4
{[%clk 1:06:36]} Rc8 {[%clk 0:46:11]} 14. h5 {[%clk 1:04:14]} Qd6
{[%clk 0:43:22]} 15. h6 {[%clk 1:02:27]} g6 {[%clk 0:43:21]} 16. Kb1
{[%clk 0:40:39]} cxd4 {[%clk 0:33:21]} 17. Nxd4 {[%clk 0:37:36]} Ne5
{[%clk 0:31:58]} 18. Re1 {[%clk 0:30:53]} Bd7 {[%clk 0:26:25]} 19. Qe3
{[%clk 0:27:07]} Rce8 {[%clk 0:16:17]} 20. Qxe5 {[%clk 0:22:43]} Nf5
{[%clk 0:16:14]} 21. Nde6 {[%clk 0:22:27]} Qxe5 {[%clk 0:12:50]} 22. Rxe5
{[%clk 0:22:47]} Ng3 {[%clk 0:12:30]} 23. Nxf8 {[%clk 0:21:27]} Rxe5
{[%clk 0:10:01]} 24. Nd3 {[%clk 0:21:44]} Re3 {[%clk 0:06:53]} 25. Rg1
{[%clk 0:18:20]} Bb5 {[%clk 0:06:58]} 26. Rxg3 {[%clk 0:16:56]} Bxd3
{[%clk 0:06:19]} 27. cxd3 {[%clk 0:17:16]} Re1+ {[%clk 0:06:32]} 28. Kc2
{[%clk 0:17:40]} Kxf8 {[%clk 0:06:58]} 29. Bh3 {[%clk 0:15:03]} g5
{[%clk 0:07:26]} 30. f4 {[%clk 0:15:04]} gxf4 {[%clk 0:07:50]} 31. Rf3
{[%clk 0:15:22]} Re2+ {[%clk 0:07:23]} 32. Kb3 {[%clk 0:13:55]} Re3
{[%clk 0:07:21]} 33. Rxe3 {[%clk 0:14:04]} fxe3 {[%clk 0:07:45]} 34. Bf1
{[%clk 0:13:55]} Ke7 {[%clk 0:07:26]} 35. Kc3 {[%clk 0:13:39]} Kf6
{[%clk 0:07:50]} 36. Kd4 {[%clk 0:13:30]} Kg5 {[%clk 0:08:15]} 37. Be2
{[%clk 0:13:02]} Kf4 {[%clk 0:08:25]} 38. Kxd5 {[%clk 0:12:52]} Kg3
{[%clk 0:08:47]} 39. Ke4 {[%clk 0:12:57]} Kf2 {[%clk 0:09:10]} 40. Bf3
{[%clk 0:13:17]} 1-0

[Event "XIII International Chess Festival"]
[Site "Paracin"]
[Date "2020.07.06"]
[Round "4.5"]
[White "Stankovic, Milos"]
[Black "Pasti, Aron"]
[Result "1-0"]
[BlackElo "2325"]
[WhiteElo "2454"]
[LiveChessVersion "1.4.8"]

1. d4 {[%clk 1:29:49]} d5 {[%clk 1:30:56]} 2. Nf3 {[%clk 1:29:49]} Nf6
{[%clk 1:31:17]} 3. Bf4 {[%clk 1:29:50]} c5 {[%clk 1:31:34]} 4. e3
{[%clk 1:29:46]} Nc6 {[%clk 1:31:54]} 5. Nbd2 {[%clk 1:29:46]} Nh5
{[%clk 1:15:03]} 6. Be5 {[%clk 1:22:38]} f6 {[%clk 1:06:26]} 7. Bg3
{[%clk 1:15:18]} Bg4 {[%clk 0:55:31]} 8. Be2 {[%clk 1:11:30]} Nxg3
{[%clk 0:54:32]} 9. hxg3 {[%clk 1:11:43]} cxd4 {[%clk 0:50:38]} 10. exd4
{[%clk 1:04:22]} Qd7 {[%clk 0:50:18]} 11. Nf1 {[%clk 0:57:16]} e6
{[%clk 0:45:10]} 12. Ne3 {[%clk 0:54:28]} Bxf3 {[%clk 0:44:49]} 13. Bxf3
{[%clk 0:54:30]} g6 {[%clk 0:44:20]} 14. c3 {[%clk 0:50:24]} Bd6 {[%clk 0:43:05]}
15. Qe2 {[%clk 0:45:11]} O-O {[%clk 0:38:51]} 16. O-O {[%clk 0:45:15]} Rae8
{[%clk 0:38:33]} 17. Rad1 {[%clk 0:45:25]} Ne7 {[%clk 0:38:12]} 18. c4
{[%clk 0:44:04]} dxc4 {[%clk 0:37:16]} 19. Qxc4 {[%clk 0:42:58]} b5
{[%clk 0:37:37]} 20. Qb3 {[%clk 0:40:02]} a5 {[%clk 0:35:57]} 21. Rfe1
{[%clk 0:39:22]} a4 {[%clk 0:36:04]} 22. Qd3 {[%clk 0:39:31]} Kg7
{[%clk 0:31:32]} 23. Rc1 {[%clk 0:33:41]} Rc8 {[%clk 0:30:58]} 24. Be2
{[%clk 0:33:07]} b4 {[%clk 0:22:12]} 25. Qa6 {[%clk 0:26:46]} Bb8
{[%clk 0:11:11]} 26. Rxc8 {[%clk 0:20:15]} Rxc8 {[%clk 0:11:06]} 27. Bb5
{[%clk 0:18:50]} Qxd4 {[%clk 0:09:00]} 28. Qxe6 {[%clk 0:18:40]} Qd6
{[%clk 0:08:05]} 29. Qe4 {[%clk 0:15:52]} Qe5 {[%clk 0:04:53]} 30. Qxb4
{[%clk 0:13:26]} Bd6 {[%clk 0:04:32]} 31. Qd2 {[%clk 0:11:50]} Qc5
{[%clk 0:00:36]} 32. Bxa4 {[%clk 0:10:55]} Bb8 {[%clk 0:00:36]} 33. Ng4
{[%clk 0:09:53]} Nd5 {[%clk 0:00:36]} 34. Bb3 {[%clk 0:09:44]} Nb6
{[%clk 0:00:57]} 35. Qh6+ {[%clk 0:09:39]} Kh8 {[%clk 0:01:24]} 36. Nxf6
{[%clk 0:09:36]} Qc7 {[%clk 0:01:52]} 37. Ne8 {[%clk 0:09:38]} 1-0

[Event "XIII International Chess Festival"]
[Site "Paracin"]
[Date "2020.07.06"]
[Round "4.10"]
[White "Pastar, Slaven"]
[Black "Pantic, Ivica"]
[Result "1-0"]
[WhiteElo "2323"]
[BlackElo "2131"]
[Annotator "milan"]
[PlyCount "111"]
[EventDate "2020.??.??"]
[WhiteClock "1:19:38"]
[BlackClock "1:25:08"]

1. d4 Nf6 2. Nf3 e6 3. Bf4 Be7 4. h3 O-O 5. e3 b6 6. Bd3 Bb7 7. Nbd2 c5 8. O-O
d6 9. c3 Nbd7 10. Re1 Qc7 11. Bh2 Rfd8 12. Qe2 a6 13. a4 e5 14. dxe5 Nxe5 15.
Nxe5 dxe5 16. Nc4 Nd7 17. Bf5 Bf6 18. Bxd7 Rxd7 19. a5 bxa5 20. Nxa5 Be4 21.
Red1 Rxd1+ 22. Qxd1 c4 23. Qa4 Bd3 24. Qc6 Qb8 25. Ra4 Qd8 26. Nb7 Qe8 27. Rxa6
Be4 28. Qxe4 Rxa6 29. g4 Ra1+ 30. Kg2 Qa8 31. Nd6 Qxe4+ 32. Nxe4 h6 33. Nd2 Ra4
34. Kf3 Bh4 35. Bg3 Bxg3 36. fxg3 f6 37. Ke4 Kf7 38. Kd5 Ke7 39. Nxc4 Ra1 40.
Nb6 Ra6 41. Kc6 Ke6 42. b4 Ra3 43. Nd5 Ra6+ 44. Kc5 Ra1 45. b5 Kd7 46. h4 Rg1
47. b6 Rb1 48. Nb4 Kc8 49. Kb5 Rb3 50. c4 Rxe3 51. c5 Re4 52. c6 Rxb4+ 53. Kxb4
g6 54. Kc5 e4 55. Kd6 e3 56. c7 1-0

[Event "XIII International Chess Festival"]
[Site "Paracin"]
[Date "2020.07.06"]
[Round "4.12"]
[White "Tosic, Nebojsa"]
[Black "Formento, Paolo"]
[Result "0-1"]
[BlackElo "2294"]
[WhiteElo "2096"]
[LiveChessVersion "1.4.8"]

1. e4 {[%clk 1:30:57]} e5 {[%clk 1:24:31]} 2. Nf3 {[%clk 1:31:12]} Nc6
{[%clk 1:24:32]} 3. Bb5 {[%clk 1:31:21]} g6 {[%clk 1:24:52]} 4. c3
{[%clk 1:30:27]} Bg7 {[%clk 1:24:49]} 5. d4 {[%clk 1:30:12]} exd4
{[%clk 1:25:10]} 6. cxd4 {[%clk 1:30:24]} a6 {[%clk 1:25:15]} 7. Ba4
{[%clk 1:30:29]} b5 {[%clk 1:25:36]} 8. Bb3 {[%clk 1:30:37]} Na5 {[%clk 1:23:47]}
9. Bc2 {[%clk 1:27:38]} Ne7 {[%clk 1:23:00]} 10. O-O {[%clk 1:17:29]} O-O
{[%clk 1:22:05]} 11. Bg5 {[%clk 1:15:06]} h6 {[%clk 1:20:33]} 12. Bh4
{[%clk 1:12:07]} d6 {[%clk 1:19:47]} 13. h3 {[%clk 1:10:01]} Bb7 {[%clk 1:14:16]}
14. Re1 {[%clk 0:56:01]} g5 {[%clk 0:57:01]} 15. Bg3 {[%clk 0:47:57]} f5
{[%clk 0:53:05]} 16. exf5 {[%clk 0:47:21]} Nxf5 {[%clk 0:53:01]} 17. Be4
{[%clk 0:45:55]} Bxe4 {[%clk 0:50:44]} 18. Rxe4 {[%clk 0:45:43]} Nc4
{[%clk 0:36:22]} 19. b3 {[%clk 0:41:42]} Nb6 {[%clk 0:36:12]} 20. Nbd2
{[%clk 0:39:12]} Nd5 {[%clk 0:24:10]} 21. Rc1 {[%clk 0:32:42]} c5
{[%clk 0:24:16]} 22. Nf1 {[%clk 0:20:20]} cxd4 {[%clk 0:18:02]} 23. Qd3
{[%clk 0:14:41]} Nc3 {[%clk 0:13:51]} 24. Rg4 {[%clk 0:13:34]} Nxa2
{[%clk 0:12:17]} 25. Re1 {[%clk 0:11:59]} Nb4 {[%clk 0:11:31]} 26. Qb1
{[%clk 0:09:14]} Qd7 {[%clk 0:08:18]} 27. N1h2 {[%clk 0:06:53]} Nd5
{[%clk 0:07:30]} 28. h4 {[%clk 0:05:30]} Nf6 {[%clk 0:07:20]} 29. Rge4
{[%clk 0:03:29]} Nxe4 {[%clk 0:06:32]} 30. Rxe4 {[%clk 0:03:59]} Nxg3
{[%clk 0:04:40]} 31. fxg3 {[%clk 0:04:27]} d5 {[%clk 0:02:49]} 32. Rg4
{[%clk 0:03:21]} Qf5 {[%clk 0:03:11]} 33. Qd1 {[%clk 0:03:32]} Rae8
{[%clk 0:02:41]} 34. hxg5 {[%clk 0:03:29]} Re4 {[%clk 0:02:47]} 35. gxh6
{[%clk 0:01:34]} Rxg4 {[%clk 0:02:49]} 36. Nxg4 {[%clk 0:02:03]} Qxg4
{[%clk 0:02:52]} 37. hxg7 {[%clk 0:02:24]} Re8 {[%clk 0:01:59]} 38. b4
{[%clk 0:01:14]} Qe4 {[%clk 0:01:08]} 39. Kh2 {[%clk 0:01:04]} d3
{[%clk 0:01:05]} 40. Qd2 {[%clk 0:01:02]} Qe3 {[%clk 0:01:02]} 41. Qa2
{[%clk 0:01:07]} Qh6+ {[%clk 0:00:45]} 42. Nh4 {[%clk 0:01:36]} Qg5
{[%clk 0:00:47]} 43. Nf3 {[%clk 0:01:40]} Qh5+ {[%clk 0:00:58]} 44. Kg1
{[%clk 0:01:37]} Re6 {[%clk 0:00:49]} 45. g4 {[%clk 0:01:38]} Qxg4
{[%clk 0:00:37]} 46. Qxd5 {[%clk 0:01:51]} Qe4 {[%clk 0:00:50]} 47. Qd8+
{[%clk 0:01:15]} Re8 {[%clk 0:00:51]} 48. Qd7 {[%clk 0:01:19]} Qe3+
{[%clk 0:01:06]} 49. Kh2 {[%clk 0:01:33]} Re7 {[%clk 0:00:57]} 50. Qc8+
{[%clk 0:00:50]} Re8 {[%clk 0:01:13]} 51. Qd7 {[%clk 0:01:19]} Qf4+
{[%clk 0:00:51]} 52. Kg1 {[%clk 0:01:41]} Qe4 {[%clk 0:00:41]} 53. Kh2
{[%clk 0:01:33]} Re7 {[%clk 0:00:52]} 54. Qc8+ {[%clk 0:01:57]} Kxg7
{[%clk 0:01:12]} 55. Qc3+ {[%clk 0:01:32]} Kg6 {[%clk 0:01:32]} 56. Kg3
{[%clk 0:01:23]} Rg7 {[%clk 0:00:34]} 57. Kh3 {[%clk 0:01:48]} Qe6+
{[%clk 0:00:35]} 58. Kg3 {[%clk 0:01:33]} Kh7+ {[%clk 0:00:42]} 59. Kh2 Qh6+
{[%clk 0:00:48]} 60. Kg1 {[%clk 0:02:15]} Qe3+ {[%clk 0:01:02]} 61. Kh2 Qe2
{[%clk 0:01:02]} 62. Nh4 {[%clk 0:02:21]} Re7 {[%clk 0:00:35]} 63. Nf3
{[%clk 0:01:51]} Qe3 {[%clk 0:00:51]} 64. Qc8 {[%clk 0:00:46]} Qf4+
{[%clk 0:00:42]} 65. Kg1 {[%clk 0:00:53]} Rg7 {[%clk 0:00:34]} 66. Qh3+
{[%clk 0:00:57]} Kg8 {[%clk 0:00:47]} 67. Qe6+ {[%clk 0:00:58]} Kf8
{[%clk 0:00:38]} 68. Qc8+ {[%clk 0:01:15]} Ke7 {[%clk 0:00:51]} 69. Qb7+
{[%clk 0:01:26]} Kf8 {[%clk 0:00:44]} 70. Qc8+ {[%clk 0:01:46]} Kf7
{[%clk 0:00:59]} 71. Qd7+ {[%clk 0:02:10]} Kf6 {[%clk 0:00:45]} 72. Qxd3
{[%clk 0:01:59]} Qc1+ {[%clk 0:00:35]} 73. Kh2 {[%clk 0:02:12]} Qf4+
{[%clk 0:00:54]} 74. Kg1 {[%clk 0:02:38]} Qxb4 {[%clk 0:01:14]} 75. Qd5
{[%clk 0:01:29]} Qb1+ {[%clk 0:01:18]} 76. Kh2 {[%clk 0:01:47]} Rh7+
{[%clk 0:01:20]} 77. Kg3 {[%clk 0:02:11]} Rg7+ {[%clk 0:01:27]} 78. Kh2
{[%clk 0:02:29]} Rh7+ {[%clk 0:01:46]} 79. Kg3 {[%clk 0:02:57]} Qg6+
{[%clk 0:02:08]} 80. Kf2 {[%clk 0:03:20]} Qc2+ {[%clk 0:02:30]} 81. Kg1
{[%clk 0:03:37]} Qc1+ {[%clk 0:01:49]} 82. Kf2 {[%clk 0:04:04]} Qb2+
{[%clk 0:01:30]} 83. Kg1 {[%clk 0:04:27]} Rg7 {[%clk 0:01:08]} 84. Qd6+
{[%clk 0:04:20]} Kf5 {[%clk 0:01:21]} 85. Qd5+ {[%clk 0:04:28]} Kf4
{[%clk 0:01:33]} 86. Qd6+ {[%clk 0:03:55]} Ke3 {[%clk 0:01:13]} 87. Qc5+
{[%clk 0:02:39]} Kd3 88. Ne1+ {[%clk 0:02:13]} Ke4 {[%clk 0:01:15]} 89. Qc6+
{[%clk 0:02:38]} Kf5 {[%clk 0:01:15]} 90. Qc8+ {[%clk 0:02:41]} Kf6
{[%clk 0:01:04]} 91. Qc6+ {[%clk 0:02:19]} Kf5 {[%clk 0:00:56]} 92. Qf3+
{[%clk 0:02:26]} Kg5 {[%clk 0:00:50]} 93. Qg3+ {[%clk 0:02:33]} Kf6
{[%clk 0:00:53]} 94. Qd6+ {[%clk 0:02:53]} Kf5 {[%clk 0:01:15]} 95. Qd3+
{[%clk 0:02:58]} Ke6 {[%clk 0:01:17]} 96. Qd8 {[%clk 0:02:26]} Qf6
{[%clk 0:01:07]} 97. Qe8+ {[%clk 0:01:54]} Re7 {[%clk 0:01:10]} 98. Qg8+
{[%clk 0:02:08]} Kd7 {[%clk 0:01:20]} 99. Nf3 {[%clk 0:01:54]} Qb6+
{[%clk 0:01:25]} 100. Kf1 {[%clk 0:01:16]} Kc7 {[%clk 0:01:22]} 101. Qf8
{[%clk 0:01:11]} Qd6 {[%clk 0:01:03]} 102. Qa8 {[%clk 0:01:31]} Kb6
{[%clk 0:01:03]} 103. Kg1 {[%clk 0:00:44]} Qc5+ {[%clk 0:01:17]} 104. Kh2 Rh7+
{[%clk 0:01:17]} 105. Kg3 {[%clk 0:01:26]} Rg7+ {[%clk 0:01:37]} 106. Kh2
{[%clk 0:01:46]} Qd6+ {[%clk 0:01:36]} 107. Kg1 {[%clk 0:01:47]} a5
{[%clk 0:00:44]} 108. Qh8 {[%clk 0:01:56]} Re7 {[%clk 0:00:43]} 109. Kf2
{[%clk 0:01:40]} a4 {[%clk 0:01:00]} 110. Qa1 {[%clk 0:00:51]} Qc5+
{[%clk 0:01:16]} 111. Kg3 {[%clk 0:01:13]} Qd6+ {[%clk 0:01:22]} 112. Kf2
{[%clk 0:01:42]} a3 {[%clk 0:01:32]} 113. Kg1 {[%clk 0:01:26]} b4
{[%clk 0:01:20]} 114. Qa2 {[%clk 0:01:31]} Qe6 {[%clk 0:01:04]} 115. Qa1
{[%clk 0:01:01]} Qe3+ {[%clk 0:01:12]} 116. Kh2 Qc3 {[%clk 0:00:37]} 117. Qg1+
{[%clk 0:01:30]} Qc5 {[%clk 0:00:52]} 118. Qb1 {[%clk 0:01:14]} Qd6+
{[%clk 0:01:08]} 119. Kh1 {[%clk 0:01:27]} Re2 {[%clk 0:01:11]} 120. Qg1+
{[%clk 0:01:27]} Qc5 {[%clk 0:00:53]} 121. Qh2 {[%clk 0:01:56]} Re8
{[%clk 0:00:33]} 122. Qh6+ {[%clk 0:00:54]} Ka7 123. Qh7+ {[%clk 0:01:00]} Re7
{[%clk 0:01:16]} 124. Qg8 {[%clk 0:01:26]} Rb7 {[%clk 0:01:25]} 125. Kh2
{[%clk 0:01:01]} b3 {[%clk 0:01:42]} 126. Qe8 {[%clk 0:01:21]} Qc7+
{[%clk 0:00:45]} 127. Kh1 {[%clk 0:01:34]} Qc4 {[%clk 0:00:36]} 128. Qe3+
{[%clk 0:01:24]} Ka6 {[%clk 0:00:57]} 129. Ne5 {[%clk 0:01:37]} Qf1+
{[%clk 0:00:57]} 130. Kh2 Rh7+ {[%clk 0:01:21]} 131. Kg3 {[%clk 0:02:21]} Rg7+
{[%clk 0:01:42]} 132. Ng4 {[%clk 0:02:40]} Rxg4+ {[%clk 0:01:46]} 133. Kxg4
{[%clk 0:03:07]} Qxg2+ {[%clk 0:02:11]} 134. Kf5 {[%clk 0:03:14]} Qd5+
{[%clk 0:02:30]} 135. Kf4 {[%clk 0:03:15]} a2 {[%clk 0:02:13]} 136. Qc3
{[%clk 0:03:01]} Kb5 {[%clk 0:02:31]} 137. Kg3 {[%clk 0:02:56]} Ka4
{[%clk 0:02:33]} 138. Kf2 {[%clk 0:03:08]} Qf5+ {[%clk 0:02:10]} 139. Kg3
{[%clk 0:03:23]} Qc2 {[%clk 0:01:15]} 140. Qf6 {[%clk 0:03:15]} Ka3
{[%clk 0:01:16]} 141. Kf3 {[%clk 0:02:55]} Qd1+ {[%clk 0:01:25]} 0-1

[Event "XIII International Chess Festival"]
[Site "Paracin"]
[Date "2020.07.06"]
[Round "4.14"]
[White "Mitev, Valentin"]
[Black "Srdanovic, Jovana"]
[Result "0-1"]
[BlackElo "2070"]
[WhiteElo "2240"]
[LiveChessVersion "1.4.8"]

1. d4 d5 2. c4 c6 3. e3 Nf6 4. Nc3 a6 5. b3 Bf5 6. Nf3 {[%clk 1:29:23]} Bc8
{[%clk 1:32:04]} 7. Ng1 {[%clk 1:31:43]} Bf5 {[%clk 1:31:44]} 8. Nf3
{[%clk 1:31:06]} e6 {[%clk 1:31:38]} 9. Be2 {[%clk 1:29:12]} h6 {[%clk 1:31:54]}
10. Ne5 {[%clk 1:27:14]} Nbd7 {[%clk 1:26:34]} 11. O-O {[%clk 1:23:24]} Bb4
{[%clk 1:04:04]} 12. Bb2 {[%clk 1:23:34]} O-O {[%clk 0:58:06]} 13. a3
{[%clk 1:22:02]} Bd6 {[%clk 0:54:06]} 14. f4 {[%clk 1:20:24]} Ne4
{[%clk 0:53:54]} 15. c5 {[%clk 1:15:30]} Bxe5 {[%clk 0:52:40]} 16. fxe5
{[%clk 1:15:40]} f6 {[%clk 0:51:36]} 17. Rxf5 {[%clk 1:09:50]} Nxc3
{[%clk 0:49:06]} 18. Bxc3 {[%clk 1:10:17]} exf5 {[%clk 0:49:28]} 19. e6
{[%clk 1:10:44]} Qe7 {[%clk 0:49:53]} 20. exd7 {[%clk 1:07:44]} Qxe3+
{[%clk 0:50:04]} 21. Kh1 {[%clk 1:08:13]} Qxc3 {[%clk 0:50:07]} 22. Bd3
{[%clk 0:46:00]} g6 {[%clk 0:39:02]} 23. Rc1 {[%clk 0:44:37]} Qxd4
{[%clk 0:36:14]} 24. Qd2 {[%clk 0:27:46]} Kg7 {[%clk 0:32:00]} 25. Qe1
{[%clk 0:20:46]} Qe5 {[%clk 0:28:26]} 26. Qa5 {[%clk 0:20:45]} Qb8
{[%clk 0:26:00]} 27. Qb6 {[%clk 0:13:24]} Rf7 {[%clk 0:26:17]} 28. Bxa6
{[%clk 0:12:23]} Rxd7 {[%clk 0:25:43]} 0-1